00377nam a2200145Ia 4500003000400000008004100004040001600045082001300061100002400074245005000098260004800148300000700196650001600203650001200219GCL140319s9999 xx 000 0 eng d aGCL / cGCL04a551bM E1 aMONTGOMARY, GARLA W10aENVIRONMENTAL GEOLOGY / cMONTGOMARY, GARLA W a[S.N] : bWM. C. BROWN PUBLISHERS ، c1995 a6304aENVIRONMENT04aGEOLOGY